| 000 | 00356cam a2200145ua 4500 | ||
|---|---|---|---|
| 041 |
_aeng _h |
||
| 082 |
_a660.293 _bBOY/SO |
||
| 100 | _aBoys, C.V . | ||
| 245 |
_aSoap bubbles and the forces which mould them / _cC.V.Boys. _hTextual Documents |
||
| 260 |
_a : _bHeinemann , _c1960. |
||
| 300 | _a156 ; . | ||
| 504 | _a | ||
| 942 | _cBK | ||
| 999 |
_c757 _d757 |
||